000 00722nam a2200205 a 4500
001 BRCA_4515
005 20190320204712.0
008 200910s1958----mx-#######---#000-0#spa-#
041 _aspa
044 _amx
050 4 _aHJ4664
_b.C47 1958
100 1 _aCervantes Altamirano, Efrén
_911436
245 1 0 _aTres conferencias fiscales
_bel régimen fiscal de los títulos valores ; el impuesto sobre la renta en la ganadería ; el contador y su intervención entre contribuyente y fisco
_cEfrén Cervantes Altamirano.
260 _aMéxico
_bTalleres de Impresión de Estampillas y Valores
_c1958
300 _a60 p.
_c24 cm.
500 _aCFG33
650 1 4 _aImpuestos
_zMéxico
_911437
902 _aGFM
942 _2lcc
_cB
999 _c4221
_d4221